000 00678nam a2200229Ia 4500
003 OSt
005 20241008154334.0
008 210716s2010 xx 000 0 und d
020 _a9788180522123
040 _cAIMIT LIBRARY
041 _aeng
082 _a382.1
_21
_bBHAM
100 _aBhat, M K.
_9181870
245 _aInternational trade and financial Environment /
_cBy M K Bhat.
250 _a1st ed.
260 _aNew Delhi :
_bAne Books India ,
_c2010.
300 _axxiii,360p. ;
_bPB
_c24 cm
650 _aTheory of international trade
_9181871
650 _aBalance of payments
_9181872
650 _aExpert finance
_9181873
942 _2ddc
_cBK
_e1st
_k382.1 BHAM
999 _c206007
_d206007